000 00817nam a2200265 i 4500
001 C2-0322627
003 PPAK
005 20180728121450.0
008 130814s2009 my a|||| ||||| | may d
020 _a9789833299690
040 _aPPAK
_beng
_cPPAK
_erda
082 0 4 _a959.5076
_223
090 0 0 _a959.5076
_bMAH
_dG
100 0 _aMahdi Shuid,
_eauthor
245 1 0 _aGempar komik sejarah tingkatan 1
264 1 _aPuchong, Selangor :
_bPenerbitan Multimedia ,
_c2009
300 _aii, 86 pages :
_billustrations ;
_c18 cm
336 _2rdacontent
_atext
337 _2rdamedia
_aunmediated
338 _2rdacarrier
_avolume
490 1 _aSiri Pembelajaran yang Menyeronokkan
650 1 0 _aMalaysia - History - Problems, exercises, etc.
830 0 _aSiri Pembelajaran yang Menyeronokkan
942 _ddc
_cB
999 _c122875
_d122875